[Event "IECC CL6-2010.09 email"]
[Site "IECC email"]
[Date "2010.08.05"]
[Round "?"]
[White "Harris, Jarrod Michael"]
[Black "Post, Kenneth"]
[Result "1/2-1/2"]
[WhiteElo "1311"]
[BlackElo "1317"]
[PlyCount "35"]
[EventDate "2010.??.??"]
[EventType "tourn (corr)"]
[EventRounds "4"]
[SourceTitle "Telechess CBM 149"]
[Source "ChessBase"]
[SourceDate "2012.07.17"]
[SourceVersion "1"]
[SourceVersionDate "2012.07.17"]
[SourceQuality "1"]
[WhiteTeam "US of America"]
[BlackTeam "US of America"]
[WhiteTeamCountry "USA"]
[BlackTeamCountry "USA"]

1. e4 e5 2. Nc3 Nf6 3. Bc4 Nc6 4. d3 Bb4 5. Bg5 h6 6. Bh4 g5 7. Bg3 d5 8. exd5 Nxd5 9. Nge2 f5 10. a3 Bxc3+ 11. Nxc3 Nxc3 12. Qh5+ Ke7 13. Qf7+ Kd6 14. bxc3 f4 15. Qd5+ Ke7 16. Qf7+ Kd6 17. Qd5+ Ke7 18. Qf7+ 1/2-1/2